Ejemplos de proyectos: Educación Tecnológica. Material de apoyo primer y segundo año medio
Αποθηκεύτηκε σε:
| Συγγραφή απο Οργανισμό/Αρχή: | |
|---|---|
| Μορφή: | Βιβλίο |
| Γλώσσα: | Ισπανικά |
| Έκδοση: |
Santiago
Ministerio de Educación
1998
|
| Θέματα: | |
| Ετικέτες: |
Προσθήκη ετικέτας
Δεν υπάρχουν, Καταχωρήστε ετικέτα πρώτοι!
|
MARC
| LEADER | 00000nam a2200000 a 4500 | ||
|---|---|---|---|
| 001 | UCN9210 | ||
| 003 | CL-VaPUC | ||
| 008 | 011130e19981200CL |||||||||||||||||spa|d | ||
| 020 | |a 9567405832 | ||
| 082 | 0 | 4 | |a 371.36 |b MIN |2 21 |
| 110 | 2 | |a Ministerio de Educación |e author |9 465713 | |
| 245 | 1 | 0 | |a Ejemplos de proyectos: Educación Tecnológica. Material de apoyo primer y segundo año medio |
| 300 | |a 114 p | ||
| 942 | |c BK | ||
| 945 | |d 20011130 00:00:00 |a cmena | ||
| 260 | |a Santiago |b Ministerio de Educación |c 1998 | ||
| 650 | 7 | |a ELABORACION DE PROYECTOS |2 CL-VaPUC |9 263839 | |
| 650 | 7 | |a PROYECTOS EDUCACIONALES |2 CL-VaPUC |9 465714 | |
| 650 | 0 | |a Proyectos de investigación |9 259727 | |
| 650 | 0 | |a Métodos de enseñanza |9 270413 | |
| 583 | |a last modification |c 20170527 22:39:07 |k Rodrigo Vera | ||
| 999 | |c 298732 |d 298730 | ||
| 952 | |0 0 |1 0 |4 0 |6 371_360000000000000_MIN_1998 |7 0 |8 R |9 354597 |a BIBEDU |b BIBEDU |d 2019-11-21 |i 3778703 |o 371.36 MIN 1998 |p 3778703 |r 2019-11-21 |w 2019-11-21 |y BK_R |k EPE | ||
| 952 | |0 0 |1 0 |4 0 |6 371_360000000000000_MIN_1998 |7 0 |8 R |9 354598 |a BIBEDU |b BIBEDU |d 2019-11-21 |i 4277635 |o 371.36 MIN 1998 |p 4277635 |r 2019-11-21 |w 2019-11-21 |y BK_R |k EBA | ||